000 00562nam a22001817a 4500
005 20251108164234.0
008 250721s1986 xx 000 0 ara d
082 1 4 _a327.5650564/تل
100 1 _aالتل، سعيد
245 1 0 _aالأردن و فلسطين :
_bوجهة نظر عربية /
264 1 _aعمان :
_bدار اللواء للصحافة و النشر و التوزيع،
_c1986.
300 _a183ص.
650 1 7 _aالأردن
650 1 7 _aالعلاقات الدولية
650 1 7 _aفلسطين
942 _2ddc
_cBK
999 _c7153
_d7153